Groupes formés dans des Survival Show - Statistiques

Statistiques générales
  • Ce quiz a été pris 39 fois
    33 depuis la dernière actualisation
  • Le résultat moyen est 8 sur 13
Statistiques - réponses
Survival Shows Groupes % Correct
I-LAND ENHYPEN
95%
Stray Kids Stray Kids
95%
Dream Academy KATSEYE
85%
Sixteen Twice
85%
R U Next? ILLIT
80%
I-LAND 2 izna
60%
Produce 48 IZ*ONE
60%
Boys 2 Planet ALPHA DRIVE ONE
50%
Boys Planet ZEROBASEONE
50%
Girls Planet 999 Kep1er
45%
Universe Ticket Unis
40%
The Last Evaluation BABYMONSTER
25%
Idol School fromis_9
20%
Aucun quiz correspondant
Distribution des résultats
% des personnes avec chaque résultat
Percentile par nombre de réponses
Votre historique - résultats
Vous n’avez pas pris ce quiz depuis la dernière actualisation